| 000 | 01442nam a2200457 i 4500 | ||
|---|---|---|---|
| 001 | 6158 | ||
| 003 | KOSZ 005 | ||
| 005 | 20201012121157.0 | ||
| 008 | 960808s1971 pl f f |000 0 pol | ||
| 040 |
_cKOSZ 005 _aKOSZ 005 _dKOSZ 005/HR |
||
| 041 | _apol | ||
| 080 | _a536.7 | ||
| 080 | _a544.3 | ||
| 080 | _a66.045.1 | ||
| 080 | _a(075.8) | ||
| 100 | 1 |
_aHobler, Tadeusz _d(1899-1975) _eAutor |
|
| 245 | 0 |
_aRuch ciepła i wymienniki / _cTadeusz Hobler. |
|
| 250 | _aWyd. 3 popr. | ||
| 260 |
_aWarszawa : _bWydawnictwa Naukowo-Techniczne, _c1971. |
||
| 300 |
_a974, [1] s. : _bil. ; _c23 cm. |
||
| 336 |
_2rdacontent _aTekst _btxt |
||
| 337 |
_2rdamedia _aBez urządzenia pośredniczącego _bn |
||
| 338 |
_2rdacarrier _aWolumin _bnc |
||
| 380 | _aKsiążki | ||
| 380 | _aPublikacje dydaktyczne | ||
| 385 |
_mPoziom nauczania _aSzkoły wyższe |
||
| 388 | _a1901-2000 | ||
| 388 | _a1945-1989 | ||
| 490 | _aInżynieria Chemiczna. | ||
| 504 | _aBibliogr. | ||
| 650 | 4 | _aTermodynamika | |
| 650 | 4 | _aTermodynamika chemiczna | |
| 650 | 4 | _aWymiennik ciepła | |
| 655 | _aPodręczniki akademickie | ||
| 658 | _aInżynieria i technika | ||
| 658 | _aChemia | ||
| 710 | 2 |
_aWydawnictwa Naukowo-Techniczne _4pbl. |
|
| 830 | 0 | _aInżynieria Chemiczna | |
| 856 |
_uhttp://koha.tu.koszalin.pl/cgi-bin/koha/opac-detail.pl?biblionumber=6158 _yKatalog online BPK |
||
| 942 |
_cKS _2UKD |
||
| 999 |
_c6158 _d6158 |
||